[Event "45th Olympiad 2024"]
[Site "Budapest HUN"]
[Date "2024.09.14"]
[Round "4.28"]
[Board "1"]
[White "Bogner, Sebastian"]
[Black "Camacho Collados, Jose"]
[Result "1-0"]
[WhiteElo "2545"]
[BlackElo "2352"]
[PlyCount "75"]
[EventDate "2024.09.11"]
[WhiteTeam "Switzerland"]
[BlackTeam "Wales"]
[WhiteTeamCountry "SUI"]
[BlackTeamCountry "WLS"]

1. d4 {Sumets,Andrey} Nf6 2. c4 e6 3. Nf3 d5 4. Nc3 Bb4 5. cxd5 exd5 6. Bg5 h6 7. Bh4 Nbd7 8. Qc2 ({RR} 8. e3 g5 ({RR} 8... c5 9. Bd3 Qa5 ({RR} 9... c4 10. Bf5 Nb6 11. Bc2 Qe7 12. Nd2 ({RR} 12. O-O O-O 13. Ne5) 12... O-O 13. O-O Re8 14. a3 Bxc3 15. bxc3 Qe6 16. Bxf6 Qxf6 17. a4 Bf5 18. Bxf5 Qxf5 19. Qb1 Qd7) 10. Qc2 g5 11. Bg3 c4 12. Bf5 O-O 13. O-O Re8 14. h4 Bxc3 15. bxc3 Ne4 16. hxg5 hxg5 17. Bxe4 dxe4 18. Nd2) 9. Bg3 Ne4 10. Nd2 ({RR} 10. Qc2 Nb6 11. Bd3 Nxg3 12. hxg3 Be6 13. Ne5 ({RR} 13. a3 Bd6 14. Nb5) 13... Qe7 14. f4 O-O-O 15. O-O Kb8 16. a3 Bd6 17. a4 gxf4 18. gxf4 Rhg8) 10... Nxg3 ({RR} 10... Nxc3 11. bxc3 Bxc3 12. Rc1 Ba5 13. h4) 11. fxg3 ({RR} 11. hxg3 Nb6 ({RR} 11... c6 12. Bd3 Nb6 13. Qc2 Be6 14. O-O-O Qf6 15. f4 O-O-O 16. Nf3 Kb8 17. Kb1 Qg7 18. Rhe1 ({RR} 18. f5 Bc8 19. g4 Rhe8 20. e4) 18... Rhe8 19. Re2 Bg4 ({RR} 19... f6)) 12. a3 Bd6 ({RR} 12... Bf8 13. Bd3 c6 14. Qc2 Be6 15. O-O-O Qe7 16. Nb3 O-O-O 17. Nc5 Kb8 18. Kb1 Bg7 19. Rc1 h5) 13. Qc2 c6 14. e4 dxe4 15. Ndxe4 Be6 16. O-O-O Qe7 17. Nxd6+ Qxd6 18. Ne4 Qe7 19. Qc5 Qxc5+ 20. dxc5 Nd7 21. Nxg5 ({RR} 21. Nd6+ Ke7 22. Nxb7 a5) 21... Bd5 22. Nh3 ({RR} 22. b4 a5 23. Bd3 axb4 24. axb4 Bxg2 25. Rhe1+ Kf8 26. Bc4) 22... Nxc5 23. Nf4 Bb3 24. Re1+) 11... Nb6 12. Bd3 Qe7 13. Qf3 Be6 14. a3 ({RR} 14. O-O O-O-O 15. Rac1 Kb8 16. a3 Bxc3 17. Rxc3 Na4 18. Rc2 Bg4 19. Qf2 Rhe8 20. Re1 Nb6) 14... Bxc3 15. bxc3 O-O-O ({RR} 15... O-O 16. O-O f5 17. h4 Rae8 18. Rae1 Kg7) 16. a4 Bd7 ({RR} 16... Kb8 17. a5 Nc8 18. Nb3 Nd6 19. Nc5) ({RR} 16... a5 17. O-O ({RR} 17. Nb3 Rhe8 18. Nxa5 Kb8 19. O-O Bg4) 17... Kb8 18. Nb3 Bc8 19. Qf2 ({RR} 19. Nxa5 Rhe8 20. Rfe1 ({RR} 20. Rae1 Qa3) 20... Rd6 21. Nb3 Rf6 22. Qe2 Re6 23. Nc5 Rxe3 24. Qxe3 Qxe3+ 25. Rxe3 Rxe3 26. Kf2 Re7 27. Rb1 Ka7) 19... Rhe8 20. Rae1 Nxa4 ({RR} 20... Qa3 21. Nc5) 21. Nxa5 Rd6 ({RR} 21... Nxc3 22. Qb2) 22. c4) 17. a5 ({RR} 17. O-O Nxa4 ({RR} 17... Kb8 18. a5 Na4 19. c4 Nb2 20. Qe2 Rhe8) 18. c4 Qb4 19. Qf2 Kb8 20. cxd5 f5 21. Nf3) 17... Na4 18. a6 Rhe8 ({RR} 18... b5 19. O-O Rhe8 20. Rfe1 ({RR} 20. e4 Nxc3 21. e5 Qb4 22. Qe3 c5 23. dxc5 Be6 24. Rac1 d4 25. Qf3 Bd5 26. Be4 Nxe4 27. Nxe4 Rxe5 28. Nd6+ Kc7 29. Qd3 Rxd6 30. cxd6+ Kxd6) 20... Nxc3 21. Rac1 Ne4 22. Nb3) 19. Kf2 Kb8 20. Rhe1 ({RR} 20. axb7 Bg4) 20... Nxc3 21. axb7 Qb4 22. Kg1 ({RR} 22. Nf1 c5 23. Kg1 ({RR} 23. dxc5 Bg4) 23... cxd4 24. Kh1 Re6 25. Qxf7 Qf8 26. Qxf8 Rxf8 27. exd4 Rxe1 28. Rxe1 a5) 22... Qb2 {1-0 Carlsen,M (2881)-Aronian,L (2815) Norway Chess 2nd 2014 (5)} {RR} 23. Qf2 Re6 24. Rac1 Rde8 25. Nf3 Qxf2+ 26. Kxf2 Ne4+ 27. Bxe4 dxe4 28. Ne5 Bb5 29. Rc5 a6) 8... g5 9. Bg3 Ne4 10. Nd2 Nxc3 $146 ({RR} 10... Nxg3 11. hxg3 Nb6 12. e3 c6 13. a3 Bf8 14. b4 a5 15. b5 c5 16. dxc5 Bxc5 17. Nb3 Bd6 18. Nd4 a4 19. Be2 Qf6 20. Qd3 O-O 21. O-O Rd8 22. Rfc1 Bf8 23. Qd1 Qe5 24. Bd3 Bd7 25. Bc2 {½-½ Vachier Lagrave,M (2765)-Giri,A (2790) Gashimov Memorial 2nd 2015 (7)}) ({RR} 10... Nxg3 11. hxg3 c6 12. a3 Bxc3 13. bxc3 Nf6 14. e3 Qe7 15. Bd3 Be6 16. Nf3 Nd7 17. c4 Kf8 18. O-O dxc4 19. Bxc4 Kg7 20. Rfe1 Bxc4 21. Qxc4 Rac8 22. e4 Nf6 23. e5 Nd5 24. Nd2 Nb6 25. Qd3 {0-1 Schmid,C (2037)-Hobson,K (2120) Basel Easter Master 2024 (6.15)}) ({RR} 10... Nxg3 11. hxg3 Nb6 12. a3 Bf8 13. e4 dxe4 14. O-O-O Bg7 15. Ndxe4 O-O 16. f4 gxf4 17. gxf4 Re8 18. g4 Bxg4 19. Rd2 Nd5 20. Rg1 Nxc3 21. bxc3 h5 22. Bc4 b5 23. Ba2 Qe7 24. Ng5 Qxa3+ 25. Kb1 {½-½ Yilmaz,M (2614)-Santos Latasa,J (2586) Abu Dhabi op 26th 2019 (4)}) ({RR} 10... Bxc3 11. bxc3 Nxg3 12. hxg3 Nf6 13. e3 Kf8 14. Bd3 Qe7 15. c4 dxc4 16. Nxc4 c5 17. dxc5 Qxc5 18. Qb2 Kg7 19. Nd2 Qb6 20. Qxb6 axb6 21. Bc4 Ng4 22. Ke2 Ne5 {½-½ Bluebaum,M (2642)-Nisipeanu,L (2687) Bundesliga 1617 2016 (11.8)}) 11. bxc3 Be7 12. e3 Nb6 13. a4 a5 14. Bd3 Be6 15. Be5 Bf6 16. f4 Bxe5 17. fxe5 g4 18. O-O Qg5 19. Rf4 h5 20. Bb5+ Kf8 21. Raf1 Kg7 22. Nb3 c6 23. Qf2 Rh6 24. Bd3 Nxa4 25. Bf5 Rg8 26. Qe1 Kh8 27. Nxa5 Nb2 28. Nxb7 Nc4 29. Bd3 g3 30. h4 Qe7 31. Bxc4 Qxb7 32. Bd3 Qb2 33. R1f3 Bh3 34. Rxg3 Rxg3 35. Qxg3 Bg4 36. Rxf7 Qxc3 37. e6 Qa1+ 38. Kh2 1-0

[Event "45th Olympiad 2024"]
[Site "Budapest HUN"]
[Date "2024.09.14"]
[Round "4.29"]
[Board "1"]
[White "Barrish, Daniel"]
[Black "Supi, Luis Paulo"]
[Result "1-0"]
[WhiteElo "2281"]
[BlackElo "2570"]
[PlyCount "131"]
[EventDate "2024.09.11"]
[WhiteTeam "South Africa"]
[BlackTeam "Brazil"]
[WhiteTeamCountry "RSA"]
[BlackTeamCountry "BRA"]

1. d4 d5 2. c4 e6 3. Nc3 a6 4. cxd5 exd5 5. Bf4 Nf6 6. e3 Bd6 7. Bg5 c6 8. Bd3 Nbd7 9. Nf3 O-O 10. O-O Re8 11. Qc2 Be7 12. h3 Nf8 13. Bf4 ({RR} 13. Rae1 Be6 14. Ne5 N6d7 15. Bxe7 Qxe7 16. f4 f6 17. Nxd7 Qxd7 18. f5 Bf7 19. Qf2 Re7 20. Qf4 Qc7 21. Qxc7 Rxc7 22. b4 Nd7 23. a4 a5 24. bxa5 Rxa5 25. Rb1 Kf8 26. Rfc1 Ke7 27. Kf2 g5 {½-½ Rakhmanov,A (2661)-Indjic,A (2629) SRB-chT Premier 2021 (7.1)}) 13... Ng6 14. Rfe1 $146 ({RR} 14. Bh2 Bd6 15. Bxd6 Qxd6 16. Rab1 Qe7 17. Bxg6 hxg6 18. Rbc1 Bf5 19. Qb3 Rab8 20. Ne5 Nd7 21. Nxd7 Bxd7 22. Na4 Qg5 23. Kh2 Qf6 24. Qb6 Qd6+ 25. Kg1 Re7 26. Nc5 g5 27. Nxb7 g6 28. Qc5 Qf6 {1-0 Agasiyev,K (2441)-Papasimakopoulos,A (2402) Titled Tue 30th Jan Early 2024 (10)}) ({RR} 14. Bh2 Bd6 15. Bxd6 Qxd6 16. Rab1 Nd7 17. b4 Qf6 18. a4 Ndf8 19. Qd1 b5 20. Rc1 Bd7 21. a5 Qd6 22. Qb3 Qf6 23. Be2 Rac8 24. Rfe1 Bf5 25. Nb1 Be4 26. Nbd2 Bf5 27. Bd3 Bxd3 28. Qxd3 Ne6 {0-1 Sjugirov,S (2712)-Oganian,M (2439) Titled Tue 7th Feb Late 2023 (7)}) ({RR} 14. Bh2 Bd6 15. Bxd6 Qxd6 16. Rfe1 Bd7 17. Rad1 Re7 18. a3 Rae8 19. Nd2 Nh4 20. b4 Kh8 21. Na4 Ne4 22. Nxe4 dxe4 23. Bf1 Qg6 24. Kh1 Qd6 25. Qc5 Qh6 26. Rc1 Re6 27. Qc2 Rg6 28. Nb6 Bxh3 {0-1 Sai,H (2070)-Oganian,M (2439) Titled Tue 31st Jan Late 2023 (1)}) 14... Bd6 15. Bg5 Be6 16. e4 dxe4 17. Nxe4 Be7 18. Nc5 Bxc5 19. dxc5 h6 20. Bxh6 gxh6 21. Bxg6 Bd5 22. Rxe8+ Qxe8 23. Qc3 Ne4 24. Bxe4 Qxe4 25. Re1 Qg6 26. a3 Kh7 27. Nh4 Qg5 28. g3 Rg8 29. Qd3+ Kh8 30. Qd4+ Kh7 31. Kh2 Be6 32. Qd3+ Kh8 33. Qd4+ Kh7 34. Qd3+ Kh8 35. Qc3+ Kh7 36. Re5 Qf6 37. Qd3+ Kh8 38. Qe3 Rd8 39. Ng2 Rd1 40. Nf4 Bd5 41. Nxd5 cxd5 42. Qe2 Rd4 43. Kg2 a5 44. Qe3 Rd1 45. Re8+ Kg7 46. Qe7 Qxb2 47. Qf8+ Kg6 48. Rd8 Qg7 49. Rd6+ Kh7 50. Qe8 Rd2 51. h4 a4 52. Qe3 Rd4 53. Qf3 Qf8 54. Qf5+ Kg8 55. Qf6 Re4 56. Rxd5 Re6 57. Qd4 Re8 58. Qxa4 Qe7 59. Qd4 Rc8 60. Qg4+ Kh7 61. Qf5+ Kg7 62. Rd7 Qe8 63. Rxb7 Qc6+ 64. Qf3 Qxf3+ 65. Kxf3 Rxc5 66. Rb3 1-0

[Event "45th Olympiad 2024"]
[Site "Budapest HUN"]
[Date "2024.09.14"]
[Round "4.29"]
[Board "4"]
[White "Do Valle Cardoso, Lucas"]
[Black "Cawdery, Daniel"]
[Result "1/2-1/2"]
[WhiteElo "2364"]
[BlackElo "2356"]
[PlyCount "97"]
[EventDate "2024.09.11"]
[WhiteTeam "Brazil"]
[BlackTeam "South Africa"]
[WhiteTeamCountry "BRA"]
[BlackTeamCountry "RSA"]

1. e4 e5 2. Nf3 Nc6 3. Bb5 f5 4. Nc3 fxe4 5. Nxe4 Nf6 6. Qe2 d5 7. Nxf6+ gxf6 8. d4 Bg7 9. dxe5 O-O 10. Bxc6 bxc6 11. e6 Re8 12. O-O Rxe6 13. Qd3 ({RR} 13. Be3 Re8 14. Qd3 Bg4 15. Nh4 c5 16. Rfe1 c4 17. Qd2 f5 18. Bg5 Qd7 19. c3 d4 20. h3 Bh5 21. Bh6 Bf6 22. Bg5 Bh8 23. Be7 Bg6 24. Bc5 d3 25. Nf3 Re4 26. Ng5 Rxe1+ 27. Rxe1 Bf6 {0-1 Shirov,A (2699)-Radjabov,T (2747) Odessa Pivdenny Bank rapid 2007 (3)}) 13... Re4 ({RR} 13... Qe8 14. Nd4 Re4 15. f3 Re1 16. Bd2 Rxa1 17. Rxa1 c5 18. Nb5 Qf7 19. Nxc7 Rb8 20. Nxd5 Be6 21. Nf4 Bc4 22. Qd6 Rxb2 23. Re1 Bf8 24. Qd8 Rxc2 25. h4 Rxd2 26. Qxd2 Qc7 27. Nd5 Bxd5 28. Qxd5+ {1-0 Garakov,M (2447)-Ruge,E (2201) Titled Tue 14th Mar Early 2023 (2)}) 14. Be3 Qe8 $146 ({RR} 14... Qd6 15. Nd2 Rg4 16. f3 Rg6 17. Nb3 a5 18. Nc5 Bh3 19. Rf2 Re8 20. Bd4 Qe7 21. c3 Bh6 22. f4 Bc8 23. f5 Rg4 24. Ne6 Bxe6 25. fxe6 c5 26. Bxf6 Qxe6 27. Rf3 c4 28. Qf1 Qb6+ 29. Bd4 {0-1 Jackson,J (2369)-Tilicheev,V (2414) Kesarovski Georgiev Memorial 14th 2015 (2)}) ({RR} 14... a5 15. Rfe1 Qd6 16. Rad1 Bf5 17. c4 Rd8 18. Nd4 Bg6 19. c5 Qxc5 20. Qa6 Rde8 21. Qxc6 {½-½ Rozsnyai,T (2164)-Rosing,H Budapest Spring op 24th 2008 (2)}) ({RR} 14... a5 15. Rfe1 Rb8 16. b3 a4 17. Nd2 Rg4 18. f3 Rg6 19. Bd4 Bh3 20. Re2 Qd6 21. Kh1 Bd7 22. Qc3 axb3 23. cxb3 f5 24. Bxg7 Rxg7 25. Rae1 Qb4 26. Qxb4 Rxb4 27. Re7 Rf7 28. Kg1 Rd4 29. Nb1 {1-0 Jackson,J (2392)-Hoffmann,H (2246) BCF-chTa 1920 (4NCL) 2019 (3.22)}) 15. Rfe1 Bf5 16. Nd2 Re5 17. Qc3 c5 18. Qxc5 Bf8 19. Qc3 c5 20. Nf3 d4 21. Nxd4 cxd4 22. Bxd4 Rxe1+ 23. Rxe1 Qf7 24. Bxf6 Rc8 25. Qg3+ Qg6 26. Qb3+ Qf7 27. Qg3+ Qg6 28. c3 Kf7 29. Bd4 Qxg3 30. hxg3 a6 31. f3 Be6 32. b3 Bd6 33. Kf2 a5 34. g4 Ra8 35. Rh1 Kg6 36. Rh5 a4 37. Rb5 axb3 38. axb3 Bf4 39. Ke2 Ra3 40. Rb6 Kf7 41. Rb7+ Ke8 42. Kd3 Rxb3 43. Rxh7 Rb2 44. Ke4 Bd6 45. Rh6 Kf7 46. Rh7+ Ke8 47. Rh6 Kf7 48. f4 Rxg2 49. g5 1/2-1/2

[Event "45th Olympiad 2024"]
[Site "Budapest HUN"]
[Date "2024.09.14"]
[Round "4.30"]
[Board "2"]
[White "Nogerbek, Kazybek"]
[Black "Djabri, Massinas"]
[Result "1/2-1/2"]
[WhiteElo "2519"]
[BlackElo "2280"]
[PlyCount "91"]
[EventDate "2024.09.11"]
[WhiteTeam "Kazakhstan"]
[BlackTeam "Algeria"]
[WhiteTeamCountry "KAZ"]
[BlackTeamCountry "ALG"]

1. e4 c5 2. Nf3 d6 3. d4 cxd4 4. Nxd4 Nf6 5. Nc3 a6 6. Be2 e5 7. Nb3 Be7 8. h4 ({RR} 8. Qd3 Be6 9. Be3 Nc6 10. a3 d5 11. exd5 Nxd5 12. Nxd5 Qxd5 13. Qxd5 Bxd5 14. O-O O-O 15. Rad1 Be4 16. Nc5 Bxc2 17. Rd2 Bf5 18. Nxb7 Nd4 19. Bxd4 exd4 20. Rxd4 Bf6 21. Rb4 a5 22. Rb5 Bd7 {½-½ Nakamura,H (2787)-Vachier Lagrave,M (2785) Gibraltar Masters playoff 14th rapid 2016 (14)}) 8... Be6 9. f4 d5 $146 ({RR} 9... exf4 10. Bxf4 Nc6 11. Qd2 Ne5 12. O-O-O O-O 13. Qe3 Qc7 14. h5 h6 15. Nd4 b5 16. a3 Rfc8 17. Qg3 Kh8 18. Rd2 Qc5 19. Be3 Qc7 20. Rh4 Rab8 21. Nd5 Nxd5 22. exd5 Bxh4 23. Qxh4 Bxd5 24. Bxh6 {0-1 Durarbayli,V (2626)-Sydoryka,V (2295) Titled Tue 3rd Sep Early 2024 (7)}) ({RR} 9... Qc7 10. f5 Bc4 11. g4 h6 12. Be3 b5 13. a3 Nbd7 14. Nd2 d5 15. exd5 Nxd5 16. Nxc4 Nxc3 17. bxc3 bxc4 18. Qd5 Rc8 19. Rb1 Nf6 20. Qg2 Qa5 21. Qb7 Qxc3+ 22. Kf2 Rd8 23. Qc6+ Kf8 24. Rhd1 {1-0 Hong,A (2449)-Cardoso Cardoso,J (2321) Wch FIDE Online U16 America qual rapid 2020 (6)}) ({RR} 9... b5 10. g4 b4 11. Nd5 Nxd5 12. exd5 Bc8 13. g5 Nd7 14. Be3 a5 15. fxe5 Nxe5 16. Qd2 O-O 17. Nd4 Bd7 18. O-O-O Qb8 19. h5 a4 20. g6 b3 21. Kb1 bxc2+ 22. Qxc2 Rc8 23. gxf7+ Nxf7 24. Nc6 {1-0 Cheparinov,I (2687)-Yilmaz,M (2604) Wch Blitz Moscow 2019 (15)}) 10. fxe5 Nxe4 11. Nxe4 dxe4 12. Qxd8+ Kxd8 13. Nd4 Bd7 14. O-O Ke8 15. Bc4 Rf8 16. Be3 Nc6 17. Nxc6 Bxc6 18. Rf4 f6 19. exf6 Rxf6 20. Raf1 Rxf4 21. Rxf4 Bf6 22. c3 Rd8 23. Bb3 Kd7 24. h5 h6 25. Rf5 Re8 26. g4 b5 27. Kf2 a5 28. Rxf6 gxf6 29. Bxh6 a4 30. Bf7 Ke7 31. Bxe8 Bxe8 32. Bf4 Bf7 33. h6 Kf8 34. a3 Be6 35. g5 fxg5 36. Bxg5 Bc4 37. Ke3 Bd3 38. Kd4 Kg8 39. Bc1 Kh7 40. Kc5 Kg6 41. Kb4 Bc4 42. Bd2 Kh7 43. Kc5 Kg6 44. Kd4 Bd3 45. c4 Bxc4 46. Kxe4 1/2-1/2

[Event "45th Olympiad 2024"]
[Site "Budapest HUN"]
[Date "2024.09.14"]
[Round "4.30"]
[Board "4"]
[White "Ansat, Aldiyar"]
[Black "Bengherabi, Khalil"]
[Result "1-0"]
[WhiteElo "2457"]
[BlackElo "2076"]
[PlyCount "47"]
[EventDate "2024.09.11"]
[WhiteTeam "Kazakhstan"]
[BlackTeam "Algeria"]
[WhiteTeamCountry "KAZ"]
[BlackTeamCountry "ALG"]

1. e4 c5 2. Nf3 d6 3. Nc3 Nf6 4. Bc4 Nc6 5. d4 cxd4 6. Nxd4 g6 7. Nxc6 bxc6 8. e5 Nd7 9. exd6 exd6 10. O-O Ne5 ({RR} 10... Be7 11. Bh6 Nb6 12. Qd4 Rg8 13. Rfe1 d5 14. Be2 f6 15. Bb5 cxb5 16. Qxf6 Bf5 17. Bg5 Be4 18. Qxe7+ Qxe7 19. Bxe7 Kxe7 20. f3 b4 21. Nb5 Rgc8 22. fxe4 Rxc2 23. exd5+ Kd7 24. d6 Rc5 25. Nc7 {½-½ Lupulescu,C (2467)-Jianu,V (2397) ROM-ch Targoviste 2001 (7)}) 11. Be2 ({RR} 11. Qe2 Qe7 12. Bb3 a5 13. Re1 Ba6 14. Qd1 g5 15. Be3 h6 16. Ne4 Bc8 17. Bd4 f6 18. Nxd6+ Qxd6 19. Qh5+ Kd7 20. Bxe5 fxe5 21. Rad1 Kc7 22. Rxd6 Bxd6 23. Qf7+ Bd7 24. Be6 Rad8 25. Rd1 Rhf8 {1-0 Sukovic,A (2322)-Manukyan,S (2163) 23rd ch-EUR Indiv 2023 (9.155)}) 11... Be7 12. Bh6 f6 $146 ({RR} 12... Be6 13. Re1 f5 14. f4 Nf7 15. Bg7 Rg8 16. Bd4 Kf8 17. Bf3 Bd7 18. Ne2 Bf6 19. Kh1 a5 20. Qd3 Rb8 21. Qc3 Bxd4 22. Nxd4 Qb6 23. b3 Qb4 24. Qb2 c5 25. Ne6+ Bxe6 26. Rxe6 Qxf4 27. Rae1 {1-0 De Moura,S (2150)-Do Prado,A (1709) Cordeiropolis Freitas Levy Memorial 2015 (1)}) ({RR} 12... Be6 13. f4 Nd7 14. Bg7 Rg8 15. Bd4 d5 16. Bg4 f5 17. Qe2 Kf7 18. Rae1 Nf8 19. Bf3 Bd6 20. Be5 Qc7 21. Kh1 Bxe5 22. Qxe5 Qxe5 23. Rxe5 Nd7 24. Ree1 Rab8 25. b3 Rb4 26. Ne2 Nf6 27. Nc1 {1-0 Souza,I (2283)-Santos,J Caxias do Sul op 12th rapid 2012 (6)}) 13. Re1 d5 14. f4 Nf7 15. Bg7 Rg8 16. Bb5 Qb6+ 17. Kh1 Rxg7 18. Nxd5 Qxb5 19. Nc7+ Kf8 20. Nxb5 cxb5 21. Qd5 Rb8 22. Rxe7 Kxe7 23. Re1+ Kf8 24. Qc5+ 1-0

[Event "45th Olympiad 2024"]
[Site "Budapest HUN"]
[Date "2024.09.14"]
[Round "4.31"]
[Board "1"]
[White "Mandizha, Farai"]
[Black "Garcia Pantoja, Roberto"]
[Result "0-1"]
[WhiteElo "2371"]
[BlackElo "2550"]
[PlyCount "199"]
[EventDate "2024.09.11"]
[WhiteTeam "Zimbabwe"]
[BlackTeam "Colombia"]
[WhiteTeamCountry "ZIM"]
[BlackTeamCountry "COL"]

1. d4 d5 2. Nf3 Nf6 3. g3 c6 4. Bg2 Bf5 5. Nh4 Be4 6. f3 Bg6 7. O-O e6 8. Nxg6 hxg6 9. e4 Be7 10. c3 $146 ({RR} 10. b3 Nbd7 11. e5 Ng8 12. f4 Nh6 13. g4 Qb6 14. Be3 Qa5 15. h3 Rc8 16. c3 c5 17. Rf2 c4 18. b4 Qa6 19. a4 b6 20. Nd2 Qb7 21. Qf3 Bh4 22. Rff1 Nf8 23. b5 Nh7 24. a5 bxa5 {1-0 Dmitriev,I (2364)-Karpuzov,G (1907) Yuzhny op 2008 (1)}) ({RR} 10. b3 c5 11. exd5 Nxd5 12. dxc5 Bxc5+ 13. Kh1 Nc6 14. c4 Ndb4 15. a3 Nd3 16. Qe2 Nxc1 17. Rxc1 Nd4 18. Qd3 Nf5 19. Qxd8+ Rxd8 20. Bf1 Nxg3+ 21. Kg2 Nf5 22. Ra2 Nh4+ 23. Kg3 Bd6+ 24. Kf2 Bxh2 {0-1 Henriksson,J (2246)-Eriksson,J (2238) Stockholm Elo op 2009 (9)}) 10... c5 11. Be3 Nc6 12. dxc5 dxe4 13. Qe2 Nd5 14. Bf2 e3 15. Bxe3 Nxe3 16. Qxe3 Qd5 17. b4 Nxb4 18. cxb4 Bf6 19. Nc3 Qd4 20. Qxd4 Bxd4+ 21. Kh1 Bxc3 22. Rab1 O-O-O 23. Rb3 Bd2 24. f4 Rd4 25. b5 b6 26. cxb6 axb6 27. Rd1 Rhd8 28. Bf3 Kc7 29. Kg2 Bb4 30. Rxd4 Rxd4 31. Rb2 Kd6 32. Bc6 Bc5 33. Be8 Ke7 34. Bc6 Rd3 35. Rc2 Ra3 36. Rd2 Bd6 37. Re2 Rd3 38. Be4 Rd4 39. Bc6 Kf6 40. Be8 Bc5 41. h4 Rd3 42. Bc6 Ke7 43. Be4 Rd4 44. Bc6 f5 45. Bb7 Rd3 46. Bc8 Be3 47. Kf3 Bd4+ 48. Kg2 e5 49. fxe5 Rc3 50. Bb7 Ke6 51. Bf3 Bxe5 52. Rd2 Kf6 53. Re2 Rc5 54. Bc6 g5 55. hxg5+ Kxg5 56. Bd7 g6 57. a4 Kf6 58. g4 fxg4 59. Bxg4 Rc4 60. Bf3 Rxa4 61. Bc6 Rb4 62. Re4 Rb3 63. Rc4 g5 64. Bd7 Ke7 65. Bc6 Bf4 66. Re4+ Kd6 67. Rc4 Ke5 68. Re4+ Kf5 69. Re8 Rb2+ 70. Kf1 Be5 71. Rf8+ Bf6 72. Bd7+ Kg6 73. Be8+ Kf5 74. Bd7+ Ke5 75. Rb8 Rd2 76. Bc6 Bd8 77. Rb7 Ke6 78. Bf3 Kf5 79. Bc6 Rb2 80. Rb8 Bc7 81. Rb7 Bd8 82. Rb8 Rd2 83. Rb7 Rh2 84. Rb8 Bc7 85. Rf8+ Ke5 86. Rf2 Rh4 87. Re2+ Kd4 88. Rd2+ Kc3 89. Rd7 Be5 90. Rd5 Bf4 91. Rf5 Kc4 92. Rf6 Rh2 93. Rf5 Rb2 94. Bd7 Be3 95. Bc6 g4 96. Re5 Kd3 97. Re8 Rf2+ 98. Kg1 g3 99. Re4 Rh2+ 100. Kf1 0-1

[Event "45th Olympiad 2024"]
[Site "Budapest HUN"]
[Date "2024.09.14"]
[Round "4.31"]
[Board "2"]
[White "Cardoso Cardoso, Jose Gabriel"]
[Black "Makoto, Rodwell"]
[Result "1-0"]
[WhiteElo "2508"]
[BlackElo "2311"]
[PlyCount "69"]
[EventDate "2024.09.11"]
[WhiteTeam "Colombia"]
[BlackTeam "Zimbabwe"]
[WhiteTeamCountry "COL"]
[BlackTeamCountry "ZIM"]

1. e4 e5 2. Nf3 Nc6 3. Bb5 a6 4. Ba4 Nf6 5. O-O Be7 6. Re1 b5 7. Bb3 O-O 8. a4 Bb7 9. d3 d6 10. Bd2 Nd7 11. Nc3 Nc5 ({RR} 11... Nd4 12. Nxd4 exd4 13. Ne2 Bf6 14. Ng3 g6 15. Bh6 Re8 16. f4 Nc5 17. Qf3 Nxb3 18. cxb3 Qd7 19. Rf1 c5 20. Rf2 Bh8 21. f5 d5 22. Qg4 Bc6 23. Raf1 dxe4 24. Nxe4 c4 25. Nc5 Qc8 26. fxg6 {1-0 Topalov,V (2735)-Bologan,V (2679) Corus Wijk aan Zee 2004 (6)}) ({RR} 11... b4 12. Nd5 Nc5 13. Bc4 a5 14. Be3 Rb8 15. c3 bxc3 16. bxc3 Nd7 17. Rb1 Nf6 18. Qc2 Ng4 19. Bd2 Na7 20. Qa2 Bxd5 21. Bxd5 c6 22. Bb3 h6 23. d4 Qc7 24. Bc2 Nf6 25. Qc4 Nd7 26. h3 {½-½ Zajic,M (2407)-Brenjo,S (2388) TCh-SRB Premier 2023 (5.1)}) 12. Bd5 b4 13. Ne2 b3 14. a5 $146 ({RR} 14. Bc3 bxc2 15. Qxc2 Qd7 16. d4 exd4 17. Nexd4 Nxd4 18. Nxd4 c6 19. Ba2 Rfe8 20. b4 Ne6 21. Nf5 Bf8 22. Rad1 c5 23. Re3 cxb4 24. Bxg7 Bxg7 25. Rg3 Kh8 26. Bxe6 Qxe6 27. Nxg7 Qxe4 {½-½ Kritz,L (2476)-Van der Wiel,J (2509) BL2-West 0203 2002 (6.1)}) ({RR} 14. d4 Nxd4 15. Nfxd4 Bxd5 16. exd5 exd4 17. Nxd4 Bf6 18. Nc6 Qd7 19. cxb3 Bxb2 20. Rb1 Bf6 21. Qf3 Rfe8 22. a5 Rxe1+ 23. Rxe1 Re8 24. Kf1 Rxe1+ 25. Bxe1 Qe8 26. b4 Nd7 27. Qe2 Qc8 28. b5 Nc5 {1-0 Dzhumaev,M (2552)-Niyazmetov,R (2227) UZB-ch Tashkent 2009 (12)}) 14... Rb8 15. Bc3 Na7 16. Bc4 c6 17. Ng3 d5 18. Bxb3 Nxb3 19. cxb3 d4 20. Bd2 f6 21. Nh4 Bc8 22. Nhf5 g6 23. Nxe7+ Qxe7 24. b4 c5 25. Rc1 cxb4 26. Bh6 Re8 27. f4 Be6 28. f5 Bf7 29. Qg4 Rec8 30. fxg6 hxg6 31. Nf5 Qd7 32. Qh4 Be6 33. Qxf6 gxf5 34. Qg6+ Kh8 35. Bg5 1-0

[Event "45th Olympiad 2024"]
[Site "Budapest HUN"]
[Date "2024.09.14"]
[Round "4.32"]
[Board "2"]
[White "Kjartansson, Gudmundur"]
[Black "Kayonde, Andrew"]
[Result "1-0"]
[WhiteElo "2478"]
[BlackElo "2338"]
[PlyCount "37"]
[EventDate "2024.09.11"]
[WhiteTeam "Iceland"]
[BlackTeam "Zambia"]
[WhiteTeamCountry "ISL"]
[BlackTeamCountry "ZAM"]

1. e4 c6 2. Nf3 d5 3. d3 Qc7 4. Nc3 dxe4 5. dxe4 e5 6. Bc4 Bg4 7. h3 Bh5 8. g4 Bg6 9. Nh4 Nd7 ({RR} 9... Bb4 10. Qf3 Nf6 11. Nxg6 hxg6 12. Bd2 b5 13. Bb3 Na6 14. g5 Nh5 15. a3 Bd6 16. a4 b4 17. Ne2 Nc5 18. O-O-O a5 19. Kb1 Rd8 20. h4 Nxb3 21. Qxb3 Bc5 22. f3 O-O 23. Be3 Qb6 24. Bc1 {1-0 Sindarov,J (2674)-Mamedyarov,S (2726) 2nd Kasimdzhanov Cup 2024 (1.2)}) 10. Qf3 Nc5 $146 ({RR} 10... Nb6 11. Bb3 O-O-O 12. Bd2 Nf6 13. O-O-O Kb8 14. a3 Nbd7 15. Nxg6 fxg6 16. Qg2 Bd6 17. h4 Nc5 18. Ba2 Qe7 19. f3 Rd7 20. Be3 Rhd8 21. Qf2 b6 22. h5 Nb7 23. hxg6 hxg6 24. b4 c5 25. g5 {½-½ Jones,G (2626)-Sedlak,N (2472) Bundesliga 2022-23 (7.6)}) ({RR} 10... Nb6 11. Nxg6 hxg6 12. Bb3 Nf6 13. a4 Bb4 14. a5 Nc8 15. Bg5 Nh7 16. Be3 Nd6 17. a6 b6 18. O-O-O Rd8 19. h4 Bxc3 20. bxc3 Nf6 21. Bg5 Ke7 22. h5 gxh5 23. gxh5 Nde8 24. Rxd8 Qxd8 25. Qf5 {1-0 Dragun,K (2561)-Liang,J (2367) Charlotte CCCSA Fall GM 2020 (4)}) 11. Bd2 b5 12. Nxb5 cxb5 13. Bxb5+ Ke7 14. Nxg6+ hxg6 15. O-O-O Rb8 16. Bc4 Ne6 17. Qa3+ Qc5 18. Qa4 g5 19. Bxg5+ 1-0

[Event "45th Olympiad 2024"]
[Site "Budapest HUN"]
[Date "2024.09.14"]
[Round "4.33"]
[Board "1"]
[White "Henriquez Villagra, Cristobal"]
[Black "Santos Flores, Alberto"]
[Result "1-0"]
[WhiteElo "2604"]
[BlackElo "2168"]
[PlyCount "73"]
[EventDate "2024.09.11"]
[WhiteTeam "Chile"]
[BlackTeam "Ecuador"]
[WhiteTeamCountry "CHI"]
[BlackTeamCountry "ECU"]

1. e4 e6 2. d4 d5 3. e5 c5 4. c3 Qb6 5. Nf3 Nc6 6. Bd3 cxd4 7. O-O Bd7 8. Re1 a6 9. Nbd2 dxc3 10. bxc3 Bc5 11. Qe2 Na5 12. Rb1 Qa7 $146 ({RR} 12... Qc7 13. c4 dxc4 14. Bc2 Bc6 15. Ne4 Bxe4 16. Qxe4 Ne7 17. Bd2 Nec6 18. Bxa5 Nxa5 19. Ba4+ Ke7 20. Qg4 Kf8 21. Rbd1 b5 22. Bc2 h6 23. Nd4 Re8 24. h4 g5 25. hxg5 hxg5 26. Nf3 Be7 27. Nxg5 {0-1 Berg,E (2543)-Meier,G (2641) Vaxjo op 2015 (7)}) ({RR} 12... Qc7 13. Nd4 Ne7 14. Qg4 Ng6 15. N2f3 Nc6 16. Qg3 Nce7 17. h4 h5 18. Bg5 b5 19. Bxe7 Nxe7 20. Qxg7 Rg8 21. Qh7 Bb6 22. Ng5 Rf8 23. Rbc1 Nc6 24. Bxb5 Bxd4 25. Bxc6 Bxf2+ 26. Kxf2 Bxc6 27. Qxh5 {0-1 Hosseinzadeh,N (2208)-Galchenko,M (2438) Titled Tue 13th Aug Late 2024 (7)}) ({RR} 12... Qd8 13. c4 dxc4 14. Nxc4 Nxc4 15. Bxc4 Bc6 16. Rd1 Qc8 17. Ng5 h6 18. Bxe6 hxg5 19. Bxc8 Rxc8 20. Bxg5 Ne7 21. Rbc1 Ba3 22. Rxc6 Nxc6 23. Qd3 O-O 24. Qxa3 Nxe5 25. Qb2 {1-0 Trailovic,A (2127)-Janjic,S (2194) Belgrade-chT Quality 2020 (6.2)}) 13. Nd4 Ne7 14. N2b3 Nxb3 15. Nxb3 Bb6 16. Ba3 Ng6 17. g3 Ba4 18. h4 Bxb3 19. axb3 Bc5 20. b4 Bb6 21. Rb3 Ne7 22. b5 a5 23. Qg4 Kf8 24. Bxe7+ Kxe7 25. Qxg7 Rag8 26. Qf6+ Ke8 27. Kf1 Qb8 28. c4 d4 29. c5 Bxc5 30. b6 h5 31. Rc1 Be7 32. Qf3 Bd8 33. Rc7 Rg7 34. Rxb7 Qxe5 35. Qc6+ Kf8 36. Rd7 Qb8 37. Qc5+ 1-0